| 000 | 00000nam##2200000za#4500 |
| 001 | 9.615856 |
| 003 | CaOODSP |
| 005 | 20210615101320 |
| 007 | ta |
| 008 | 150406|2001||||xxc||||| f|0| 0 eng|d |
| 020 | |a0-662-31485-9 |
| 040 | |aCaOODSP|beng |
| 043 | |an-cn--- |
| 086 | 1 |aNH18-22/101-137E |
| 110 | 2 |aCanada Mortgage and Housing Corporation. |
| 245 | 10|aEvaluation of urban drainage for basement flood proofing |
| 260 | |aOttawa - Ontario : |bCanada Mortgage and Housing Corporation |c2001. |
| 300 | |a3p. ; |c28 cm. |
| 490 | 1 |aResearch highlight. Technical series |v01-137 |
| 563 | |aPamphlet |
| 590 | |a01-51|b2001-12-28 |
| 690 | 07|aUrban communities|2gcpds |
| 690 | 07|aWater management|2gcpds |
| 690 | 07|aFloods|2gcpds |
| 775 | 08|tÉvaluation de l'écoulement des eaux urbaines dans le cadre de la protection des sous-sols contre les inondations |w(CaOODSP)9.625864 |
| 776 | 0#|tEvaluation of urban drainage for basement flood proofing |w(CaOODSP)9.572299 |
| 830 | #0|aResearch highlight. Technical series ;|v01-137|w(CaOODSP)9.514826 |
| 986 | |aNHA 60975 |